ওয়ার্কশপ প্র্যাকটিস / (Record no. 49514)
[ view plain ]
| 000 -LEADER | |
|---|---|
| fixed length control field | 00915nam a2200229 a 4500 |
| 001 - CONTROL NUMBER | |
| control field | 49514 |
| 003 - CONTROL NUMBER IDENTIFIER | |
| rucl marc code | BD-RjUL |
| 005 - DATE AND TIME OF LATEST TRANSACTION | |
| control field | 20211209054705.0 |
| 008 - FIXED-LENGTH DATA ELEMENTS--GENERAL INFORMATION | |
| fixed length control field | 160821b1967 ii ||||| |||| 00| 0 ben d |
| 035 ## - SYSTEM CONTROL NUMBER | |
| System control number | (BD-RjUL)49633 |
| 040 ## - CATALOGING SOURCE | |
| Original cataloging agency | BD-RjUL |
| Language of cataloging | ben |
| Transcribing agency | BD-RjUL |
| 041 ## - LANGUAGE CODE | |
| Language code of text/sound track or separate title | ben |
| 082 ## - DEWEY DECIMAL CLASSIFICATION NUMBER | |
| Edition number | 23 |
| Classification number | 621 |
| Author mark and year | RAO 1967 |
| 100 ## - MAIN ENTRY--PERSONAL NAME | |
| Personal name | রায়, শ্রীশঙ্কপ্রসাদ |
| 9 (RLIN) | 148545 |
| 245 10 - TITLE STATEMENT | |
| Title | ওয়ার্কশপ প্র্যাকটিস / |
| Statement of responsibility, etc. | শ্রীশঙ্কপ্রসাদ রায় |
| 250 ## - EDITION STATEMENT | |
| Edition statement | ২য় সং. |
| 260 ## - PUBLICATION, DISTRIBUTION, ETC. (IMPRINT) | |
| Place of publication, distribution, etc. | কলিকাতা : |
| Name of publisher, distributor, etc. | অ্যাাকাডেমিক পাবলিশর্স, |
| Date of publication, distribution, etc. | ১৯৬৭ |
| 300 ## - PHYSICAL DESCRIPTION | |
| Pagination | ২৯০ পৃ. : |
| Illustrations | চিত্র ; |
| Size | ২১ সেমি. |
| 650 ## - SUBJECT ADDED ENTRY--TOPICAL TERM | |
| Topical term or geographic name as entry element | মেকানিক্যাল ইঞ্জিনিয়ারিং |
| 9 (RLIN) | 148547 |
| Form subdivision | Mechanical engineering |
| 9 (RLIN) | 152463 |
| 942 ## - ADDED ENTRY ELEMENTS (KOHA) | |
| Source of classification or shelving scheme | Dewey Decimal Classification |
| Koha item type | Books |
| Lost status | Source of classification or shelving scheme | Damaged status | Not for loan | Collection code | Permanent Location | Current Location | Shelving location | Date acquired | Source of acquisition | Cost, normal purchase price | Total Checkouts | Full call number | Date last seen | Copy number | Koha item type |
|---|---|---|---|---|---|---|---|---|---|---|---|---|---|---|---|
| Dewey Decimal Classification | Non-fiction | Central Library, University of Rajshahi | Central Library, University of Rajshahi | 23/07/1973 | Pub.United Ltd. | 9.75 | B 621 RAO 1967 | 21/08/2016 | C-2 | Books | |||||
| Dewey Decimal Classification | Non-fiction | Central Library, University of Rajshahi | Central Library, University of Rajshahi | 23/07/1973 | Pub.United Ltd. | 9.75 | B 621 RAO 1967 | 21/08/2016 | C-3 | Books | |||||
| Dewey Decimal Classification | Non-fiction | Central Library, University of Rajshahi | Central Library, University of Rajshahi | 23/07/1973 | Pub.United Ltd. | 9.75 | B 621 RAO 1967 | 30/08/2016 | C-4 | Books | |||||
| Dewey Decimal Classification | Non-fiction | Central Library, University of Rajshahi | Central Library, University of Rajshahi | 23/07/1973 | Economic+ Industrial Pub. | 9.75 | B 621 RAO 1967 | 24/11/2016 | C-5 | Books | |||||
| Dewey Decimal Classification | Non-fiction | Central Library, University of Rajshahi | Central Library, University of Rajshahi | 23/07/1973 | Economic+ Industrial Pub. | 9.75 | B 621 RAO 1967 | 24/11/2016 | C-6 | Books | |||||
| Dewey Decimal Classification | Not For Loan | Non-fiction | Central Library, University of Rajshahi | Central Library, University of Rajshahi | Reading Room | 02/10/1973 | Eureka book agency | 12.15 | B 621 RAO 1967 | 23/04/2017 | C-1 | Books |